[Event "Pinneberg-ch"]
[Site "Pinneberg"]
[Date "2010.10.07"]
[Round "7"]
[White "Menk, Rolf"]
[Black "Hawranke, Dietrich"]
[Result "1/2-1/2"]
[WhiteElo "2179"]
[BlackElo "2135"]
[PlyCount "69"]
[EventDate "2010.08.26"]
[EventType "swiss"]
[EventRounds "7"]
[EventCountry "GER"]
[SourceTitle "EXT 2011"]
[Source "ChessBase"]
[SourceDate "2010.11.26"]
[SourceVersion "1"]
[SourceVersionDate "2010.11.26"]
[SourceQuality "1"]

1. f4 d5 2. Nf3 g6 3. g3 Bg7 4. Bg2 Nf6 5. 0-0 0-0 6. d3 c5 7. Na3 Nc6 8. c4 d4 9. Nc2 Qc7 10. Bd2 b6 11. b4 cxb4 12. Nfxd4 Bb7 13. Nxc6 Bxc6 14. Bxc6 Qxc6 15. Bxb4 Ng4 16. Rb1 Qd7 17. Qd2 Rfd8 18. Bc3 e5 19. fxe5 Nxe5 20. Ne3 Qh3 21. Rf4 g5 22. Re4 Rxd3 23. exd3 Nf3+ 24. Kh1 Nxd2 25. Bxd2 f5 26. Re7 f4 27. gxf4 Qf3+ 28. Kg1 gxf4 29. Rf1 Qh5 30. Nd5 Bd4+ 31. Kh1 f3 32. Be3 Be5 33. Bf4 Bd4 34. Be3 Be5 35. Bf4 1/2-1/2

[Event "Pinneberg-ch"]
[Site "Pinneberg"]
[Date "2009.08.27"]
[Round "1"]
[White "Menk, Rolf"]
[Black "Hadlich, Winfried"]
[Result "1-0"]
[WhiteElo "2162"]
[BlackElo "1988"]
[PlyCount "41"]
[EventDate "2009.08.27"]
[EventType "swiss"]
[EventRounds "7"]
[EventCountry "GER"]
[SourceTitle "EXT 2012"]
[Source "ChessBase"]
[SourceDate "2011.11.24"]
[SourceVersion "1"]
[SourceVersionDate "2011.11.24"]
[SourceQuality "1"]

1. d4 d5 2. c4 c6 3. Nf3 Nf6 4. Nc3 Bf5 5. cxd5 cxd5 6. Qb3 Bc8 7. Bf4 e6 8. Rc1 a6 9. e3 Nc6 10. Bd3 Bd6 11. Bg5 Be7 12. 0-0 0-0 13. Bb1 Nh5 14. Bxe7 Qxe7 15. Na4 g6 16. Nb6 Rb8 17. Ne5 Qd6 18. Qa3 Qxa3 19. bxa3 Nxe5 20. dxe5 Rd8 21. Rc7 1-0

[Event "Pinneberg-ch"]
[Site "Pinneberg"]
[Date "2006.09.21"]
[Round "6.1"]
[White "Menk, Rolf"]
[Black "Bokelbrink, Uwe"]
[Result "1/2-1/2"]
[WhiteElo "2139"]
[BlackElo "2281"]
[PlyCount "118"]
[EventDate "2006.08.22"]
[EventType "swiss"]
[EventRounds "7"]
[EventCountry "GER"]
[SourceTitle "EXT 2007"]
[Source "ChessBase"]
[SourceDate "2006.11.23"]
[SourceVersion "1"]
[SourceVersionDate "2006.11.23"]
[SourceQuality "1"]

1. d4 Nf6 2. c4 c5 3. d5 b5 4. cxb5 a6 5. Nc3 Qa5 6. f3 axb5 7. e4 b4 8. Nb5 Ba6 9. a4 d6 10. b3 g6 11. e5 dxe5 12. d6 Bxb5 13. Bxb5+ Nfd7 14. Bg5 f6 15. dxe7 Bxe7 16. Bh6 Ra7 17. Qd5 Kd8 18. 0-0-0 Qb6 19. f4 Kc8 20. Nf3 Rd8 21. Qf7 Bf8 22. Bxf8 Rxf8 23. Qe7 Qd8 24. Qxh7 Qe8 25. fxe5 fxe5 26. Rhe1 Rh8 27. Qg7 Rg8 28. Qh6 Qe7 29. Qe3 Re8 30. Rd5 e4 31. Nd2 Qf6 32. Nc4 Re6 33. Kb1 Rc7 34. Red1 Qe7 35. Rd6 Kb7 36. Rxe6 Qxe6 37. Nd6+ Kb6 38. Nxe4 Nc6 39. Rd6 Qf5 40. Qf3 Nde5 41. Qxf5 gxf5 42. Nf6 Kb7 43. Rd5 Rf7 44. Ne8 Rf8 45. Ng7 Rg8 46. Nxf5 Rxg2 47. h4 Rg1+ 48. Kb2 Rg2+ 49. Kc1 Kb6 50. Rd2 Rg1+ 51. Kb2 Rh1 52. Re2 Kc7 53. Ne7 Rxh4 54. Nd5+ Kd6 55. Bxc6 Nxc6 56. Nb6 Nd4 57. Nc4+ Kc6 58. Re3 Rh2+ 59. Kb1 Rh1+ 1/2-1/2

[Event "Pinneberg-ch"]
[Site "Pinneberg"]
[Date "2006.09.08"]
[Round "4.4"]
[White "Van Riesen, Klaus"]
[Black "Menk, Rolf"]
[Result "0-1"]
[WhiteElo "2118"]
[BlackElo "2139"]
[PlyCount "68"]
[EventDate "2006.08.22"]
[EventType "swiss"]
[EventRounds "7"]
[EventCountry "GER"]
[SourceTitle "EXT 2007"]
[Source "ChessBase"]
[SourceDate "2006.11.23"]
[SourceVersion "1"]
[SourceVersionDate "2006.11.23"]
[SourceQuality "1"]

1. e4 g6 2. d4 c6 3. Nc3 d5 4. Be3 Bg7 5. Qd2 Nf6 6. e5 Ne4 7. Nxe4 dxe4 8. Bc4 c5 9. c3 Nc6 10. Ne2 Qa5 11. 0-0 cxd4 12. cxd4 Qxd2 13. Bxd2 Bg4 14. Bc3 0-0-0 15. f3 exf3 16. gxf3 Bh3 17. Rfd1 e6 18. Ng3 Bf5 19. Nxf5 gxf5 20. Kf2 Rhg8 21. a3 Bf8 22. b4 Ne7 23. Rg1 Bh6 24. Bb2 Bf4 25. Rxg8 Rxg8 26. h3 Bg3+ 27. Kf1 Bh4 28. Rc1 Kb8 29. Rc3 Rg3 30. f4 Ng6 31. d5 Nxf4 32. Rxg3 Bxg3 33. d6 Ng6 34. Bb5 Bxe5 0-1

[Event "Pinneberg-ch"]
[Site "Pinneberg"]
[Date "2005.08.11"]
[Round "1"]
[White "Grothkopp, Dietrich"]
[Black "Menk, Rolf"]
[Result "0-1"]
[WhiteElo "1741"]
[BlackElo "2179"]
[PlyCount "44"]
[EventDate "2005.08.11"]
[EventType "swiss"]
[EventRounds "7"]
[EventCountry "GER"]
[SourceTitle "EXT 2006"]
[Source "ChessBase"]
[SourceDate "2005.11.24"]
[SourceVersion "1"]
[SourceVersionDate "2005.11.24"]
[SourceQuality "1"]

1. d4 g6 2. c4 f5 3. Nf3 Nf6 4. Nc3 Bg7 5. e3 0-0 6. Be2 d6 7. Qb3 e6 8. Bd2 Qe7 9. Rc1 c5 10. 0-0 b6 11. Rfd1 Nc6 12. Be1 Nd8 13. h3 Nf7 14. Nd2 e5 15. d5 e4 16. Ncb1 g5 17. Nf1 f4 18. Nh2 f3 19. Bf1 g4 20. Bc3 fxg2 21. Bxg2 gxh3 22. Bf1 Ne5 0-1

[Event "Oberliga Nord N 0304"]
[Site "Germany"]
[Date "2004.03.28"]
[Round "8.6"]
[White "Petersen, Wolfgang"]
[Black "Menk, Rolf"]
[Result "1/2-1/2"]
[WhiteElo "2013"]
[BlackElo "2190"]
[PlyCount "123"]
[EventDate "2003.10.12"]
[EventType "team-tourn"]
[EventRounds "9"]
[EventCountry "GER"]
[SourceTitle "EXT 2005"]
[Source "ChessBase"]
[SourceDate "2004.11.15"]
[SourceVersion "1"]
[SourceVersionDate "2004.11.15"]
[SourceQuality "1"]
[WhiteTeam "Neumuenster"]
[BlackTeam "Pinneberg"]
[WhiteTeamCountry "GER"]
[BlackTeamCountry "GER"]

1. d4 g6 2. g3 Bg7 3. Bg2 f5 4. c4 Nf6 5. Nc3 c5 6. d5 d6 7. Nh3 Na6 8. Bg5 Nc7 9. Qd2 h6 10. Bxf6 exf6 11. Nf4 Kf7 12. 0-0-0 Rb8 13. Rhe1 Re8 14. e4 b5 15. Ne6 Bxe6 16. dxe6+ Rxe6 17. exf5 Rxe1 18. fxg6+ Kxg6 19. Rxe1 bxc4 20. Qc2+ f5 21. h4 Bxc3 22. Qxc3 Qf6 23. h5+ Kf7 24. Qxc4+ Kf8 25. Qc3 Qxc3+ 26. bxc3 Kf7 27. Kc2 Kf6 28. Rd1 Rb6 29. a4 Kg5 30. a5 Ra6 31. Bb7 Rxa5 32. Rxd6 Ra2+ 33. Kd3 Rxf2 34. Ke3 Rb2 35. Bf3 Rb6 36. Rd7 Ne6 37. Rxa7 Rd6 38. Ra8 Kf6 39. Rg8 Ng7 40. Rc8 Ne6 41. c4 Ra6 42. Bd5 Ra3+ 43. Kf2 Ra2+ 44. Kf3 Ra3+ 45. Kf2 Ng7 46. Rc6+ Ke5 47. Rxh6 f4 48. gxf4+ Kxf4 49. Rf6+ Ke5 50. Rg6 Nf5 51. Re6+ Kf4 52. Re4+ Kg5 53. Bf7 Nd6 54. Re5+ Kf4 55. Re7 Ra2+ 56. Kf1 Rh2 57. Kg1 Rh4 58. Bg6 Kf3 59. Bd3 Nxc4 60. Be2+ Kg3 61. Rg7+ Kf4 62. Bxc4 1/2-1/2

[Event "Oberliga Nord N 0304"]
[Site "Germany"]
[Date "2004.02.19"]
[Round "6.7"]
[White "Bohnsack, Ralf"]
[Black "Menk, Rolf"]
[Result "1-0"]
[WhiteElo "2207"]
[BlackElo "2190"]
[PlyCount "55"]
[EventDate "2003.10.12"]
[EventType "team-tourn"]
[EventRounds "9"]
[EventCountry "GER"]
[SourceTitle "EXT 2005"]
[Source "ChessBase"]
[SourceDate "2004.11.15"]
[SourceVersion "1"]
[SourceVersionDate "2004.11.15"]
[SourceQuality "1"]
[WhiteTeam "Norderstedt"]
[BlackTeam "Pinneberg"]
[WhiteTeamCountry "GER"]
[BlackTeamCountry "GER"]

1. d4 g6 2. c4 Bg7 3. Nc3 f5 4. Nf3 Nf6 5. g3 Na6 6. Bg2 c5 7. d5 d6 8. 0-0 0-0 9. a3 Nc7 10. Rb1 Rb8 11. b4 cxb4 12. axb4 e5 13. dxe6 Bxe6 14. Qd3 Ne4 15. Bb2 d5 16. cxd5 Bxd5 17. Nxd5 Qxd5 18. Bxg7 Kxg7 19. Rbc1 Qf7 20. Ne5 Qe7 21. Nd7 Na6 22. Nxb8 Rxb8 23. Bxe4 Qxe4 24. Qc3+ Kh6 25. b5 Nb4 26. Rfd1 a5 27. Rd4 Nd5 28. Qd2+ 1-0

[Event "Pinneberg-ch"]
[Site "Pinneberg"]
[Date "2003.09.11"]
[Round "5"]
[White "Bohn, Christoph"]
[Black "Menk, Rolf"]
[Result "0-1"]
[WhiteElo "1947"]
[BlackElo "2190"]
[PlyCount "122"]
[EventDate "2003.08.14"]
[EventType "swiss"]
[EventRounds "7"]
[EventCountry "GER"]
[SourceTitle "EXT 2004"]
[Source "ChessBase"]
[SourceDate "2003.11.25"]
[SourceVersion "1"]
[SourceVersionDate "2003.11.25"]
[SourceQuality "1"]

1. e4 g6 2. f4 c6 3. Nc3 d5 4. d4 a6 5. Nf3 Bg4 6. Be2 e6 7. 0-0 Ne7 8. Be3 Nd7 9. Bf2 Bxf3 10. Bxf3 Bh6 11. g3 f5 12. exf5 exf5 13. Qe2 0-0 14. Rae1 Rf7 15. Qd2 Nf6 16. Na4 Ne4 17. Qb4 Nc8 18. c4 b5 19. cxb5 axb5 20. Nc5 Rxa2 21. Rc1 Qa5 22. Qxa5 Rxa5 23. Bxe4 fxe4 24. Ne6 Ra6 25. Rc2 Re7 26. Nc5 Ra2 27. Be3 Rea7 28. Ne6 Ne7 29. Rfc1 Bg7 30. g4 Ra1 31. Nd8 Rxc1+ 32. Rxc1 Ra6 33. Kf2 Bf6 34. h3 Kf8 35. Ne6+ Kf7 36. Nc5 Ra2 37. Rc2 Ra1 38. Kg2 Rd1 39. Nb3 Rd3 40. Rc3 Rxc3 41. bxc3 Nc8 42. Na5 Na7 43. Kg3 Be7 44. Bd2 Ke6 45. h4 c5 46. Nb3 c4 47. Na5 Bd8 48. Nb7 Be7 49. Na5 Kd7 50. Kh3 Kc7 51. f5 gxf5 52. gxf5 Kb6 53. Nxc4+ dxc4 54. Bg5 Bf8 55. Kg4 Kc6 56. Be3 Kd5 57. Kg5 Nc6 58. Kf6 Be7+ 59. Kg7 Bxh4 60. Kxh7 Ne7 61. Bf4 Nxf5 0-1

[Event "Kiel op 15th"]
[Site "Kiel"]
[Date "2002.08.14"]
[Round "6"]
[White "Haub, Thorsten Michael"]
[Black "Menk, Rolf"]
[Result "0-1"]
[WhiteElo "2381"]
[BlackElo "2180"]
[PlyCount "96"]
[EventDate "2002.08.10"]
[EventType "swiss"]
[EventRounds "9"]
[EventCountry "GER"]
[SourceTitle "EXT 2003"]
[Source "ChessBase"]
[SourceDate "2002.11.25"]
[SourceVersion "1"]
[SourceVersionDate "2002.11.25"]
[SourceQuality "1"]

1. Nf3 d5 2. c4 c6 3. g3 Nf6 4. Bg2 Bg4 5. Qc2 e6 6. 0-0 Nbd7 7. d3 Bd6 8. a3 a5 9. b3 0-0 10. Nbd2 b5 11. Bb2 Qb8 12. Rfc1 Rc8 13. Bxf6 Nxf6 14. c5 Bf8 15. h3 Bh5 16. b4 a4 17. Qc3 Bxf3 18. Nxf3 Nd7 19. e4 g6 20. Re1 Bg7 21. e5 f6 22. exf6 Bxf6 23. d4 Re8 24. Ne5 Bxe5 25. dxe5 Rf8 26. h4 Qe8 27. Ra2 Qe7 28. f4 Rf7 29. Bh3 Raf8 30. Rh2 Rg7 31. Qf3 h6 32. Kh1 Kf7 33. h5 g5 34. fxg5+ Ke8 35. Qg4 Rxg5 36. Qxe6 Qxe6 37. Bxe6 Rxg3 38. Bh3 Rff3 39. Be6 Rxa3 40. Bf5 Raf3 41. Bg6+ Ke7 42. e6 Ne5 43. Rg2 Nxg6 44. hxg6 Rxg2 45. Kxg2 Rf6 46. g7 Rg6+ 47. Kf3 Rxg7 48. Kf4 Rg6 0-1

[Event "Kiel op 15th"]
[Site "Kiel"]
[Date "2002.08.14"]
[Round "7"]
[White "Menk, Rolf"]
[Black "Scheerer, Christoph"]
[Result "1/2-1/2"]
[WhiteElo "2180"]
[BlackElo "2384"]
[PlyCount "51"]
[EventDate "2002.08.10"]
[EventType "swiss"]
[EventRounds "9"]
[EventCountry "GER"]
[SourceTitle "EXT 2003"]
[Source "ChessBase"]
[SourceDate "2002.11.25"]
[SourceVersion "1"]
[SourceVersionDate "2002.11.25"]
[SourceQuality "1"]

1. d4 d5 2. c3 Nc6 3. Bf4 f6 4. Nf3 Bg4 5. Nbd2 e6 6. h3 Bh5 7. Qb3 Rb8 8. e4 Bf7 9. exd5 exd5 10. Bd3 Bd6 11. Bxd6 Qxd6 12. Qc2 Nge7 13. 0-0 Bg6 14. Rfe1 Kf7 15. Re2 Bxd3 16. Qxd3 Qd7 17. Nb3 Qf5 18. Nc5 Qxd3 19. Nxd3 Nf5 20. Rae1 Rhe8 21. Rxe8 Rxe8 22. Rxe8 Kxe8 23. Nf4 Nce7 24. g4 Nd6 25. Ne6 g5 26. Nd2 1/2-1/2

[Event "Pinneberg-ch op"]
[Site "Pinneberg"]
[Date "2001.10.04"]
[Round "6"]
[White "Dumjahn, Carsten"]
[Black "Menk, Rolf"]
[Result "0-1"]
[WhiteElo "2026"]
[BlackElo "2180"]
[PlyCount "56"]
[EventDate "2001.08.30"]
[EventType "swiss"]
[EventRounds "7"]
[EventCountry "GER"]
[SourceTitle "EXT 2002"]
[Source "ChessBase"]
[SourceDate "2001.11.25"]
[SourceVersion "1"]
[SourceVersionDate "2001.11.25"]
[SourceQuality "1"]

1. e4 g6 2. d4 c6 3. Nf3 Bg7 4. c3 d5 5. Nbd2 Nh6 6. Bd3 0-0 7. 0-0 f6 8. Qe2 Nf7 9. e5 fxe5 10. dxe5 Bg4 11. h3 Bxf3 12. Nxf3 e6 13. Nd4 Qe7 14. f4 c5 15. Nf3 Nc6 16. Bd2 g5 17. Rae1 gxf4 18. Bxf4 Bh6 19. Qd2 Bxf4 20. Qxf4 Kh8 21. Qg4 Rg8 22. Qh5 Rg7 23. Rf2 Rag8 24. Ref1 Ng5 25. Nxg5 Rxg5 26. Qh6 Nxe5 27. Rf7 Rxg2+ 28. Kh1 Qxf7 0-1

[Event "Pinneberg-ch op"]
[Site "Pinneberg"]
[Date "2000.10.12"]
[Round "7"]
[White "Menk, Rolf"]
[Black "Freitag, Roland"]
[Result "0-1"]
[WhiteElo "2184"]
[BlackElo "2259"]
[PlyCount "106"]
[EventDate "2000.08.31"]
[EventType "swiss"]
[EventRounds "7"]
[EventCountry "GER"]
[SourceTitle "EXT 2001"]
[Source "ChessBase"]
[SourceDate "2000.11.22"]
[SourceVersion "1"]
[SourceVersionDate "2000.11.22"]
[SourceQuality "1"]

1. d4 Nf6 2. c4 e5 3. dxe5 Ng4 4. Bf4 Nc6 5. Nf3 Bb4+ 6. Nbd2 Qe7 7. e3 Ngxe5 8. Nxe5 Nxe5 9. Be2 0-0 10. 0-0 d6 11. Nb3 a5 12. a3 Bc5 13. Nxc5 dxc5 14. b4 Ng6 15. Bg3 axb4 16. axb4 Rxa1 17. Qxa1 cxb4 18. c5 Bf5 19. Qa5 b3 20. c6 Be4 21. cxb7 Bxb7 22. Qb5 Be4 23. Qxb3 c6 24. Qc3 Re8 25. Ra1 Bd5 26. Qd4 Qb7 27. Ra7 Qb1+ 28. Bf1 h5 29. f3 h4 30. Bxh4 Nxh4 31. Qxh4 Qc1 32. Re7 Ra8 33. Rd7 Qxe3+ 34. Qf2 Qc1 35. Qh4 g5 36. Qf2 Bc4 37. h4 Ra1 38. Rd8+ Kh7 39. Qd4 Qxf1+ 40. Kh2 Qh1+ 41. Kg3 Qxh4+ 42. Qxh4+ gxh4+ 43. Kxh4 Be6 44. f4 Kg6 45. Rd6 Rh1+ 46. Kg3 Rc1 47. Kf3 Kg7 48. Ke3 Kf8 49. Rd2 Ke7 50. Ke4 Bd5+ 51. Kf5 Kd6 52. g4 c5 53. Kf6 c4 0-1